000 00397cam a22001217a 4500
008 180718b1970 xxu||||| |||| 00| 0 eng d
082 _aP7055 C936
245 _aProfessional organisations in the Commonwealth
_cedited by James Currie
260 _aLondon
_bHutchinson
_c1970
300 _a511p.
650 _aProfessional associations --Commonwealth countries --Directories
700 _aCurrie, James
999 _c476684
_d476684